The book of the thousand nights and a night : a plain and literal translation of the Arabian nights entertainments. Volume ten /

The Book of the Thousand Nights and a Night (1885), is a celebrated English language translation of One Thousand and One Nights (the "Arabian Nights") - a collection of Middle Eastern and South Asian stories and folk tales compiled in Arabic during the Islamic Golden Age (8th−13th centurie...

Full description

Bibliographic Details
Other Authors: Burton, Richard Francis, Sir, 1821-1890 (Translator, Editor), Leighton, Frederick, illustrator, Burton Club, publisher
Format: Book
Language:English
Arabic
Published: London: Privately printed by the Burton Club, 1885.
Subjects:
Classic Catalogue: View this record in Classic Catalogue
LEADER 02232nam a22003857a 4500
001 44665
003 BD-DhAAL
005 20250918151206.0
008 250918t1885 enka|||| |||| 00| 0 eng d
040 |a BD-DhAAL  |c BD-DhAAL 
041 |a eng  |h ara 
082 |a 398.21  |2 23 
130 |a Arabian nights.  |l English (Burton)  |9 59373 
245 |a The book of the thousand nights and a night :  |b a plain and literal translation of the Arabian nights entertainments.  |n Volume ten /  |c translated and annotated by Richard F. Burton. 
246 1 8 |a Alf laylah wa laylah 
260 |a London:  |b Privately printed by the Burton Club,  |c 1885. 
300 |a 471 pages :  |b illustrations ;  |c 25 cm 
500 |a Estimated date of publication from Penzer. 
500 |a Printed in the United States of America. 
504 |a Includes bibliographical references and indexes. 
505 |a v. 10. The book of the thousand nights and a night 
520 |a The Book of the Thousand Nights and a Night (1885), is a celebrated English language translation of One Thousand and One Nights (the "Arabian Nights") - a collection of Middle Eastern and South Asian stories and folk tales compiled in Arabic during the Islamic Golden Age (8th−13th centuries) - by the British explorer and Arabist Richard Francis Burton (1821-1890) 
541 |a Donated by Farhana Zahir, Assistant Professor, BRAC Business School, BRAC University  |e 44665 
650 |a Fairy tales. 
650 |a Tales, Arabic.  |9 59382 
650 |a Folklore  |z Arabian Peninsula.  |9 59391 
651 |a Arabian Peninsula  |x Folklore.  |9 59392 
700 |a Burton, Richard Francis,  |c Sir,  |d 1821-1890,  |e translator,  |e editor.  |9 59374 
700 |a Leighton, Frederick,  |c illustrator.  |9 59411 
700 |a Burton Club,  |c publisher.  |9 59412 
740 |a Supplemental nights. 
852 |a Ayesha Abed Library 
942 |2 ddc  |c BK 
999 |c 47584  |d 47584 
952 |0 0  |1 0  |2 ddc  |4 0  |6 398_210000000000000_BOO  |7 0  |9 78248  |a BRACUL  |b BRACUL  |c NEW  |d 2025-09-18  |e Donated by Farhana Zahir, Assistant Professor, BRAC Business School, BRAC University  |l 1  |o 398.21 BOO  |p 3010044665  |r 2026-01-05  |s 2026-01-03  |t 1  |w 2025-09-18  |y BK  |x Donated by Farhana Zahir, Assistant Professor, BBS, BRAC University. Price not available in the Book.